Регионална библиотека "Любен Каравелов" - Русе

[Фаренхайт] Fahrenheit 9/11 [видео DVD] (Запис номер 220574)

MARC детайли
000 -Лидер
Контролно поле с фиксирана дължина 00860ngm a2200289 a 4500
003 - Код на организацията, давaща контролен номер
Контролно поле BLK
005 - Дата и час на последна редакция
Контролно поле 20240612155044.0
008 - Елементи от данни с фиксирана дължина
fixed length control field 180410b bul||n||s|||||||| mlbulo|
010 ## - Наследен системен номер
LC control number CDD00003043000
040 ## - Източник на каталожния запис
Идентификатор на билиотеката - собственик на записа BLK
041 ## - Код за език
Код за езика на текст/звукозапис или на отделно заглавие Български
Код за езика КДБФ Български
080 ## - УДК
Текстов определител УДК Художествени филмови жанрове
УДК код - определител по УДК 791.221/.228
УДК - код + определител 791.221/.228
139 ## - Редно поле
Редна дума [Фаренхайт] Fahrenheit 9/11 [видео DVD]
Авторски знак Far - F 24
245 10 - Сведения за заглавието
Заглавие [Фаренхайт] Fahrenheit 9/11 [видео DVD]
257 ## - Страна на издаване
Страна на създаване/издаване България
260 ## - Област на издателските данни
Година на издаване 2005
300 ## - Физическа характеристика
Страници 122 мин.
Илюстрации и др. цв.
Размери/Мащаб 12 см
380 ## - Жанр
Жанр Изкуство
490 ## - СЕРИИ (Колекции)
Име на серия DVD колекция Intro
590 ## - Забележки на библиотеката, притежаваща документа (RLIN)
Служебно S.N: 83689 от КНИГИ
852 ## - Местоположение
Форматна сигнатура CD 5026
Част 0
856 4# - Електронен адрес и достъп
Електронен формат pdf - файл
Път до файла /url/
856 4# - Електронен адрес и достъп
Електронен формат pdf - файл
Път до файла /url/
942 ## - АРТИКУЛИ
Вид на библиотечния материал Компактдискове
Скрит в OPAC Не
Периодичен библиозапис Да
944 ## - СЪЗДАВАНЕ И РЕДАКЦИЯ на ЗАПИСА
Създаване/Редакция Създаване
Дата на регистрацията/редакция 09.05.2008
Служител, извършил регистрацията/редакцията 30542
Статус, дата на статуса Русанова Ирена
999 ## - СИСТЕМНИ КОНТРОЛНИ НОМЕРА
Koha biblionumber 220574
Koha biblioitemnumber 220574
999 ## - СИСТЕМНИ КОНТРОЛНИ НОМЕРА
Koha biblioitemnumber 220574
Наличности
Код за отписване Код за изгубен артикул Източник на класификационната схема Код за повреда Коз за рестрикции Код за отдаване Артикулен № Име на библиотеката - собственик Име на библиотеката, в която се намира в момента Статус (Текущо местоположение) Дата на вписване в системата Местоположение - отдел Цена в лева Инвентарен номер Систематично азбучна сигнатура Баркод Номер на екземпляра Цена в евро Служебна бележка Служебен тип на артикула
  Не е изгубен Universal Decimal Classification Не е повреден без рестрикции заемане за дома 392348 Регионална библиотека "Любен Каравелов" Русе Регионална библиотека "Любен Каравелов" Русе Отдел Изкуство - подръчен фонд 2008-05-07 Отдел Изкуство - подръчен фонд 4.00 250000003130 791.221/.228/F 24 250000003130 1 2.05 Дост: DA Вид: А N: 10 Дата: 07.05.2008 Компактдискове
Vip Innovations Ltd, Rousse, Bulgaria 2025